Départements français (50-59) - Statistiques

Statistiques générales
  • Ce quiz a été pris 36 fois
  • Le résultat moyen est 8 sur 10
Statistiques - réponses
Hint Réponse % Correct
51 Marne
88%
52 Haute-Marne
84%
50 Manche
84%
53 Mayenne
84%
59 Nord
84%
55 Meuse
78%
58 Nièvre
78%
54 Meurthe-et-moselle
75%
57 Moselle
72%
56 Morbihan
69%
Aucun quiz correspondant
Distribution des résultats
% des personnes avec chaque résultat
Percentile par nombre de réponses
Votre historique - résultats
Vous n’avez pas pris ce quiz